Matematika 1 pokusný učebný text pre štvoročné učebné odbory s maturitou 1. časť

Podrobná bibliografia
Hlavní autori: Kriegelstein, Eduard (Autor), Řešátko, Miloš, 1930-1987 (Autor)
Ďalší autori: Porubská, Edita (Prekladateľ)
Médium: Kniha
Jazyk:slovenčina
čeština
Fyzický popis:75 s. sch., tab. 29 cm
Vydavateľské údaje: Bratislava Slovenské pedagogické nakladateľstvo 1976
Vydanie:2. dopl. vyd.
Predmet:

MARC

LEADER 00000cam a2200000 a 4500
001 vtls001104411
003 SK-MaSNL
005 20260301193851.0
008 240318s1976 xo a d 00000 slo
015 |a SNBA1976 
020 |q (brož.) 
035 |a SNK000047253 
040 |a SNK  |b slo  |c SNK  |e AACR2 
041 1 |a slo  |h cze 
044 |a xo  |c SK 
080 |a 51(075.3)  |2 1981 
080 |a 373.6  |2 1981 
100 1 |a Kriegelstein, Eduard  |4 aut  |9 370870 
245 1 0 |a Matematika 1  |b pokusný učebný text pre štvoročné učebné odbory s maturitou  |n 1. časť  |c Eduard Kriegelstein, Miloš Řešátko ; [z českého originálu] preložila Edita Porubská 
250 |a 2. dopl. vyd. 
260 |a Bratislava  |b Slovenské pedagogické nakladateľstvo  |c 1976 
300 |a 75 s.  |b sch., tab.  |c 29 cm 
366 |e 3000 výt. 
650 0 7 |a matematika  |2 SNKPH  |9 70174 
655 7 |a učebnice stredných škôl  |2 SNKPH  |9 69323 
700 1 |a Řešátko, Miloš,  |d 1930-1987  |4 aut  |9 186725 
700 1 |a Porubská, Edita  |4 trl  |9 6238 
958 |a OND 
958 |a OP 
958 |a CZ 
968 |b ČES 
999 |c 879434  |d 881364 
952 |a SNK  |b SNK  |y PREZ  |7 0  |p 17A0942298  |o snkSB 24626/1/1  |i snkKSP 869/77  |0 0  |1 0  |4 0  |d 2014-06-13  |l 0  |r 2025-03-28 00:00:00  |w 2026-02-24 
952 |a SNK  |b SNK  |y VYP  |7 0  |o snkSB 24626/1/1 D1  |i snkKSP 870/77  |0 0  |1 0  |4 0  |d 2014-06-13  |l 0  |r 2026-02-24 06:11:33  |w 2026-02-24